Bir zamanlar Ankara / (Kayıt no. 8909)
[ düz görünüm ]
| 000 -BAŞLIK | |
|---|---|
| Sabit Uzunluktaki Kontrol Alanı | 01225nam a22002297a 4500 |
| 003 - KONTROL NUMARASI KİMLİĞİ | |
| Kontrol Alanı | KOHA_MİRAKIL |
| 005 - EN SON İŞLEM TARİHİ ve ZAMANI | |
| Kontrol Alanı | 20250630181437.0 |
| 008 - SABİT UZUNLUKTAKİ VERİ ÖGELERİ - GENEL BİLGİ | |
| Sabit Alan | 250630b tu ||||| |||| 00| 0 tur d |
| 020 ## - ISBN - ULUSLARARASI STANDART KİTAP NUMARASI | |
| Isbn | 9786059347372 |
| 040 ## - KATALOGLAMA KAYNAĞI | |
| Özgün Kataloglama Kurumu | TR-AnABB |
| Kataloglama Dili | tur |
| Çeviri Kurumu | TR-AnABB |
| 041 ## - DİL KODU | |
| Metin ya da ses kaydının dil kodu | tur |
| 082 ## - DEWEY ONU SINIFLAMA SİSTEMİ | |
| Sınıflama Numarası | 779.4056511 |
| Cutter numarası | BIR 2025 |
| 110 1# - KURUM ADI | |
| Kurum Adı | Ankara Büyükşehir Belediyesi Gençlik ve Spor Hizmetleri Dairesi Başkanlığı |
| 245 00 - ESER ADI BİLDİRİMİ | |
| Başlık | Bir zamanlar Ankara / |
| Sorumluluk Bildirimi | Ankara Büyükşehir Belediyesi Gençlik ve Spor Hizmetleri Dairesi Başkanlığı ; yayın koordinatörü: Serkan Yorgancılar; yayın kurulu: Halil İbrahim Yılmaz, Savaş Zafer Şahin, Lale Özgenel, Ömer Şan, Esra Erten, Süreyya Demirel, Mustafa Tunç, Turan Duman |
| 246 ## - DEĞİŞİK BAŞLIK FORMU | |
| Başlık uygun / kısa başlık | Dericizade Faruk Küçük'ün koleksiyonundan tarihi Ankara fotoğrafları |
| 260 ## - YAYIN, DAĞITIM, VB. | |
| Yayın Yeri | Ankara: |
| Yayınevi | Ankara Büyükşehir Belediyesi Gençlik ve Spor Hizmetleri Dairesi Başkanlığı, |
| Yayın Tarihi | 2025 |
| 300 ## - FİZİKSEL TANIMLAMA | |
| Sayfa, Cilt vb. | 312 sayfa; |
| Boyutları | 24 cm |
| 700 1# - EK GİRİŞ - KİŞİ ADI | |
| Yazar Adı (Kişi adı) | Yorgancılar, Serkan, |
| İlişkili Terim | yayın koordinatörü |
| 9 (RLIN) | 2168 |
| 856 ## - ELEKTRONİK YER ve ERİŞİM | |
| Kaynak Tanımlayıcı (URL) | <a href="https://katalog.ankara.bel.tr/cgi-bin/koha/opac-retrieve-file.pl?id=9fd101c975eb9d1298b60b418ef42455">https://katalog.ankara.bel.tr/cgi-bin/koha/opac-retrieve-file.pl?id=9fd101c975eb9d1298b60b418ef42455</a> |
| Yükleme Formatı | |
| Materyale ilişkin tanımlama | Tam Metin Erişimi (PDF) |
| 900 ## - YEREL BİLGİ | |
| Kontrol | Can ÇELIK |
| 942 ## - EK GİRİŞ ÖGELERİ (KOHA) | |
| Sınıflama Kaynağı | Dewey Decimal Classification |
| Materyal Türü | Kitap |
| 110 1# - KURUM ADI | |
| -- | 2167 |
| Geri Çekilme Durumu | Kayıp Durumu | Sınıflandırma Kaynağı | Kredi için değil | Kalıcı Konum | Mevcut Konum | Kayıt Tarih | Toplam Ödünçverme | Yer Numarası | Demirbaş Numarası | Son Görülme Tarihi | Fatura Tarihi | Materyal Türü |
|---|---|---|---|---|---|---|---|---|---|---|---|---|
| Dewey Decimal Classification | Büyükşehir Genç Akademi Kafe Ulus | Büyükşehir Genç Akademi Kafe Ulus | 30/06/2025 | 779.4056511 BIR 2025 | E-BOOK | 30/06/2025 | 30/06/2025 | Kitap |
